Managing retail productivity and profitability / (Record no. 18025)
[ view plain ]
| 000 -LEADER | |
|---|---|
| fixed length control field | 00931 am a2200277ua 4500 |
| 001 - CONTROL NUMBER | |
| control field | 010676541 |
| 005 - DATE AND TIME OF LATEST TRANSACTION | |
| control field | 20140302113326.0 |
| 008 - FIXED-LENGTH DATA ELEMENTS--GENERAL INFORMATION | |
| fixed length control field | 960722s1996 xxkadk grb 001 0 eng d |
| 020 ## - INTERNATIONAL STANDARD BOOK NUMBER | |
| International Standard Book Number | 0333644182 |
| 020 ## - INTERNATIONAL STANDARD BOOK NUMBER | |
| International Standard Book Number | 9780333644188 |
| 040 ## - CATALOGING SOURCE | |
| Original cataloging agency | UkOxU |
| Modifying agency | Uk |
| 082 04 - DEWEY DECIMAL CLASSIFICATION NUMBER | |
| Classification number | 658.87 |
| Edition number | 22 |
| Item number | WAL |
| 100 1# - MAIN ENTRY--PERSONAL NAME | |
| Personal name | Walters, David, |
| Dates associated with a name | 1936- |
| 9 (RLIN) | 35053 |
| 245 10 - TITLE STATEMENT | |
| Title | Managing retail productivity and profitability / |
| Statement of responsibility, etc | David Walters and Dominic Laffy. |
| 250 ## - EDITION STATEMENT | |
| Edition statement | 1st ed. |
| 260 ## - PUBLICATION, DISTRIBUTION, ETC. (IMPRINT) | |
| Place of publication, distribution, etc | Houndmills, United Kingdom : |
| Name of publisher, distributor, etc | Macmillan Business, |
| Date of publication, distribution, etc | 1996 |
| Place of manufacture | (Chipppenham, United Kingdom : |
| Manufacturer | Antony Rowe Ltd.) |
| 300 ## - PHYSICAL DESCRIPTION | |
| Extent | xx, 290 p. : |
| Other physical details | chart, forms, tables ; |
| Dimensions | 24 cm. |
| 500 ## - GENERAL NOTE | |
| General note | Index : p. 282-290. |
| 504 ## - BIBLIOGRAPHY, ETC. NOTE | |
| Bibliography, etc | Bibliography : p 281. |
| 650 #0 - SUBJECT ADDED ENTRY--TOPICAL TERM | |
| Topical term or geographic name as entry element | Retail trade |
| General subdivision | Labor productivity |
| 9 (RLIN) | 35065 |
| 650 #0 - SUBJECT ADDED ENTRY--TOPICAL TERM | |
| Topical term or geographic name as entry element | Profit |
| 9 (RLIN) | 35066 |
| 653 ## - INDEX TERM--UNCONTROLLED | |
| Resource For college | BAEPS, Business Administration |
| Arrived date list | February2014 |
| 655 ## - INDEX TERM--GENRE/FORM | |
| Form subdivision | |
| -- | 34232 |
| 700 1# - ADDED ENTRY--PERSONAL NAME | |
| Personal name | Laffy, Dominic |
| 9 (RLIN) | 35064 |
| 942 ## - ADDED ENTRY ELEMENTS (KOHA) | |
| Source of classification or shelving scheme | Dewey Decimal Classification |
| Call number prefix | 658.87 WAL |
| Withdrawn status | Item status | Source of classification or shelving scheme | Damaged status | Not for loan | Vendor | Home library | Current library | Shelving location | Date acquired | Source of acquisition | Total Checkouts | Total Renewals | Full call number | Barcode | Date last seen | Date last borrowed | Koha item type |
|---|---|---|---|---|---|---|---|---|---|---|---|---|---|---|---|---|---|
| Dewey Decimal Classification | Donation-Gift | Central Library | Central Library | First floor | 04/02/2014 | Donation | 1 | 1 | 658.87 WAL | 000035579 | 15/07/2025 | 22/11/2016 | Book - Borrowing |